| 000 | 00717nam a22002411a 4500 | ||
|---|---|---|---|
| 001 | 9886 | ||
| 003 | BD-RjUL | ||
| 005 | 20211208234846.0 | ||
| 008 | 140122s1943 nyu 001 0 eng d | ||
| 035 | _a(BD-RjUL)9931 | ||
| 040 |
_aANL _beng _cANL _dBD-RjUL |
||
| 041 | _aeng | ||
| 082 |
_a359.32550973 _bBAG 1943 |
||
| 100 | 1 |
_aBarton, Samuel Goodwin, _d1882- _930546 |
|
| 245 | 1 | 2 |
_aA guide to the constellations / _c Samuel G. Barton and Wm. H. Barton. |
| 250 | _a[3rd ed.]. | ||
| 260 |
_a[New York] : _bMcGraw, _cc1943 |
||
| 300 |
_ax, 80p. : _billus. _c30 cm. |
||
| 650 | 0 |
_aConstellation. _930548 |
|
| 700 | 1 |
_aBarton, William Henry. _930549 |
|
| 942 |
_2ddc _cBK |
||
| 999 |
_c9886 _d9886 |
||